Science Quiz

Random Science or World Quiz

High Speed Animal Chase Quiz Stats

 Plays Quiz not verified by Sporcle

Score 0/50 Timer 05:00
0 Plays Today
Answer % Correct
Cheetah
100%
Tiger
84.6%
Lion
84.6%
Wolf
76.9%
Gazelle
76.9%
Leopard
69.2%
Horse
69.2%
Ostrich
61.5%
Jaguar
53.8%
Emu
46.2%
Bear
46.2%
Puma
46.2%
Dolphin
46.2%
Peregrine Falcon
46.2%
Zebra
46.2%
Hippopotamus
38.5%
Elk
38.5%
Hare
38.5%
Panther
30.8%
Antelope
30.8%
wildebeest
30.8%
Hyena
30.8%
Shark
30.8%
Springbok
30.8%
Greyhound
23.1%
Answer % Correct
Anna's Hummingbird
23.1%
Coyote
23.1%
Jack Rabbit
23.1%
Kangaroo
23.1%
Swordfish
23.1%
Turkey
15.4%
Alligator
15.4%
Frigatebird
15.4%
Golden Eagle
15.4%
Pronghorn
15.4%
Sailfish
15.4%
Gepard
7.7%
Hawk
7.7%
Mexican Free Tailed Bat
7.7%
Spur Winged Goose
7.7%
Black Marlin
7.7%
Eurasian Hobby
7.7%
Red Breasted Merganser
7.7%
Rock Dove
7.7%
White Throated Needletail Swift
7.7%
Road Runner
0%
Horsefly
0%
Roe
0%
Cape Hunting Dog
0%
American Cockroach
0%

You're not logged in!

Compare scores with friends on all Sporcle quizzes.
OR
Log In

Sporcle TV

Today on Sporcle TV


Watch our educational content, quiz creation guides, and fun videos on Sporcle TV.

Show Comments

Extras

Top Quizzes Today


Score Distribution

Your Account Isn't Verified!

In order to create a playlist on Sporcle, you need to verify the email address you used during registration. Go to your Sporcle Settings to finish the process.

Report this User

Report this user for behavior that violates our Community Guidelines.

Details: